Central Library OPAC University of Rajshahi

Appropriate sanitation alternatives : (Record no. 67003)

MARC details
000 -LEADER
fixed length control field 01177nam a2200325 a 4500
001 - CONTROL NUMBER
control field 67003
003 - CONTROL NUMBER IDENTIFIER
rucl marc code BD-RjUL
005 - DATE AND TIME OF LATEST TRANSACTION
control field 20211209081614.0
008 - FIXED-LENGTH DATA ELEMENTS--GENERAL INFORMATION
fixed length control field 170321s1982 mduab b 001 0 eng
020 ## - INTERNATIONAL STANDARD BOOK NUMBER
International Standard Book Number 0801825784 (pbk.) :
Terms of availability 12.95
035 ## - SYSTEM CONTROL NUMBER
System control number MITb10231162
System control number (BD-RjUL)67134
System control number GLIS00231162
040 ## - CATALOGING SOURCE
Original cataloging agency DLC
Transcribing agency DLC
Modifying agency MYG
-- BD-RjUL
Language of cataloging eng
041 ## - LANGUAGE CODE
Language code of text/sound track or separate title eng
082 ## - DEWEY DECIMAL CLASSIFICATION NUMBER
Edition number 23
Classification number 628.1091724
Author mark and year KAA 1982
099 ## - LOCAL FREE-TEXT CALL NUMBER (OCLC)
Bangla Class number TD353.K26 1982
100 1# - MAIN ENTRY--PERSONAL NAME
Personal name Kalbermatten, John M.
9 (RLIN) 198408
245 10 - TITLE STATEMENT
Title Appropriate sanitation alternatives :
Remainder of title a technical and economic appraisal /
Statement of responsibility, etc. John M. Kalbermatten, DeAnne S. Julius, and Charles G. Gunnerson.
260 ## - PUBLICATION, DISTRIBUTION, ETC. (IMPRINT)
Place of publication, distribution, etc. Baltimore :
Name of publisher, distributor, etc. Johns Hopkins University Press,
Date of publication, distribution, etc. c1982.
300 ## - PHYSICAL DESCRIPTION
Pagination xii, 115 p. :
Illustrations ill. ;
Size 28 cm.
490 1# - SERIES STATEMENT
Series statement World Bank studies in water supply and sanitation ;
Volume/sequential designation 1
500 ## - GENERAL NOTE
General note Includes index.
504 ## - BIBLIOGRAPHY, ETC. NOTE
Bibliography, etc Bibliography: p. 110-112.
650 #0 - SUBJECT ADDED ENTRY--TOPICAL TERM
Topical term or geographic name as entry element Sanitary engineering
Geographic subdivision Developing countries.
9 (RLIN) 198407
700 1# - ADDED ENTRY--PERSONAL NAME
Personal name Julius, DeAnne S.,
Dates associated with a name 1949-
Personal name Gunnerson, Charles G.
830 #0 - SERIES ADDED ENTRY--UNIFORM TITLE
Uniform title World Bank studies in water supply and sanitation ;
Volume number/sequential designation 1.
942 ## - ADDED ENTRY ELEMENTS (KOHA)
Source of classification or shelving scheme Dewey Decimal Classification
Koha item type Books
Holdings
Lost status Source of classification or shelving scheme Damaged status Not for loan Collection code Permanent Location Current Location Shelving location Date acquired Source of acquisition Cost, normal purchase price Total Checkouts Full call number Date last seen Copy number Koha item type
  Dewey Decimal Classification   Not For Loan Non-fiction Central Library, University of Rajshahi Central Library, University of Rajshahi Reading Room 16/02/2009 R.U.C.L, Rajshahi 0.00   628.1091724 KAA 1982 21/03/2017 C-1 Books